Radiation instruments : (رقم التسجيلة. 15524)
[ عرض عادي ]
| 000 -الفاتح | |
|---|---|
| حقل البيانات ثابتة الطول | 00890cam a22002654a 4500 |
| 001 - رقم الضبط | |
| رقم الضبط | 12311725 |
| 003 - محدد رقم الضبط | |
| رقم الضبط | OSt |
| 005 - وقت وتاريخ اخر تعامل مع التسجيلة | |
| رقم الضبط | 20150408113926.0 |
| 008 - عناصر البيانات ثابتة الطول - معلومات عامة | |
| حقل البيانات ثابتة الطول | 010216s2001 wiu b 001 0 eng |
| 010 ## - رقم ضبط مكتبة الكونجرس | |
| رقم ضبط مكتبة الكونجرس | 2001087768 |
| 020 ## - الرقم الدولى المعيارى للكتب | |
| الرقم الدولى المعيارى للكتاب | 193052403X (hard cover) |
| 040 ## - مصدر الفهرسة | |
| وكالة الفهرسة الأصلية | DLC |
| وكالة النسخ | DLC |
| وكالة التعديل | DLC |
| 042 ## - رمز التحقق | |
| رمز التحقق | pcc |
| 050 00 - رقم طلب مكتبة الكونجرس | |
| رقم التصنيف | QC787.C6 |
| رقم المادة | R33 2001 |
| 082 00 - رقم تصنيف ديوى العشرى | |
| رقم التصنيف | 539.77 |
| رقم الطبعة | 21 |
| 245 00 - بيان العنوان | |
| العنوان | Radiation instruments : |
| بقية العنوان | Health Physics Society 2001 summer school / |
| بيان المسئوليه,etc | edited by Herman Cember. |
| 260 ## - PUBLICATION, DISTRIBUTION, ETC. (IMPRINT) | |
| مكان الناشر او الموزع | Madison, Wis. : |
| اسم الناشر او الموزع | Medical Physics Pub., |
| تاريخ النشر أو التوزيع | c2001. |
| 300 ## - الوصف المادى | |
| التعداد | 458 p. ; |
| أبعاد الوعاء | 26 cm. |
| 504 ## - تبصرة ببليوجرافية | |
| تبصرة ببليوجرافية,الخ | Includes bibliographical references and index. |
| 650 #0 - المدخل الاضافى بالموضوع-مصطلح موضوعى | |
| مصطلح موضوعي أو اسم جغرافي كعنصر مدخل | Nuclear counters. |
| 9 (RLIN) | 5074 |
| 650 #0 - المدخل الاضافى بالموضوع-مصطلح موضوعى | |
| مصطلح موضوعي أو اسم جغرافي كعنصر مدخل | Radiation |
| التقسيم الفرعي العام | Measurement. |
| 9 (RLIN) | 5075 |
| 700 1# - المدخل الاضافى - اسم شخصى | |
| الإسم الشخصى | Cember, Herman. |
| 9 (RLIN) | 5076 |
| 942 ## - عناصر المدخل الإضافي( كوها) | |
| مصدر التصنيف او مخطط الترفيف | Dewey Decimal Classification |
| Koha [default] item type | كتاب |
| حالة الفقد | نموذج السعر الفعال | حالة تلف | ليس للاعارة | رقم الطلب | تاريخ الاكتساب | الموقع الحالي | الباركود | الفرع الرئيسي | Date last seen | نوع المادة فى نظام كوها | مصدر التصنيف او خطة الترفيف | Total Checkouts |
|---|---|---|---|---|---|---|---|---|---|---|---|---|
| 2013-03-10 | 539.77 R A I | 2011-09-29 | مكتبة كلية التمريض - طلاب (CNM) | 00047996 | مكتبة كلية التمريض - طلاب (CNM) | 2013-03-10 | كتاب | Dewey Decimal Classification | ||||
| 2013-03-10 | 539.77 R A I | 2011-09-29 | مكتبة كلية التمريض - طلاب (CNM) | 00047997 | مكتبة كلية التمريض - طلاب (CNM) | 2013-03-10 | كتاب | Dewey Decimal Classification |
